The role of peptides in the regulation of arachidonate cascade of platelets

Elmentve itt :
Bibliográfiai részletek
Szerzők: Mezei Zsófia
Gecse Á.
Telegdy Gyula
Dokumentumtípus: Könyv része
Megjelent: Akadémiai Kiadó Zrt. Budapest 1985
Sorozat:Dopamine, ageing and diseases vol. 3, section 7.
Tárgyszavak:
mtmt:1353259
Online Access:http://publicatio.bibl.u-szeged.hu/33401
LEADER 00810naa a2200229 i 4500
001 publ33401
005 20250517133824.0
008 250517s1985 hu o 000 eng d
020 |a 9630543370; 0080341926 
024 7 |a 1353259  |2 mtmt 
040 |a SZTE Publicatio Repozitórium  |b hun 
041 |a eng 
100 1 |a Mezei Zsófia 
245 1 4 |a The role of peptides in the regulation of arachidonate cascade of platelets  |h [elektronikus dokumentum] /  |c  Mezei Zsófia 
260 |a Akadémiai Kiadó Zrt.  |b Budapest  |c 1985 
300 |a 4 
300 |a 419-422 
490 0 |a Dopamine, ageing and diseases  |v vol. 3, section 7. 
650 4 |a Általános orvostudomány 
700 0 1 |a Gecse Á.  |e aut 
700 0 1 |a Telegdy Gyula  |e aut 
856 4 0 |u http://publicatio.bibl.u-szeged.hu/33401/1/aok_klny_728_86.pdf  |z Dokumentum-elérés